|
|
|
|
| LEADER |
01483nam a2200397Ia 4500 |
| 001 |
EBC485801 |
| 003 |
MiAaPQ |
| 005 |
20200520144314.0 |
| 006 |
m o d | |
| 007 |
cr cn||||||||| |
| 008 |
080422r20082007njua sb 001 0 eng d |
| 020 |
|
|
|z 9780691138503 (pbk.)
|
| 020 |
|
|
|z 0691138508 (pbk.)
|
| 035 |
|
|
|a (MiAaPQ)EBC485801
|
| 035 |
|
|
|a (Au-PeEL)EBL485801
|
| 035 |
|
|
|a (CaPaEBR)ebr10367295
|
| 035 |
|
|
|a (CaONFJC)MIL253140
|
| 035 |
|
|
|a (OCoLC)609856432
|
| 040 |
|
|
|a MiAaPQ
|c MiAaPQ
|d MiAaPQ
|
| 050 |
|
4 |
|a HG4529.5
|b .S53 2007
|
| 100 |
1 |
|
|a Sharpe, William F.
|
| 245 |
1 |
0 |
|a Investors and markets
|h [electronic resource] :
|b portfolio choices, asset prices, and investment advice /
|c William F. Sharpe.
|
| 260 |
|
|
|a Princeton, N.J. :
|b Princeton University Press,
|c 2008.
|
| 300 |
|
|
|a viii, 221 p. :
|b ill.
|
| 490 |
1 |
|
|a Princeton lectures in finance
|
| 504 |
|
|
|a Includes bibliographical references and index.
|
| 533 |
|
|
|a Electronic reproduction. Ann Arbor, MI : ProQuest, 2015. Available via World Wide Web. Access may be limited to ProQuest affiliated libraries.
|
| 650 |
|
0 |
|a Portfolio management.
|
| 650 |
|
0 |
|a Securities
|x Prices.
|
| 650 |
|
0 |
|a Capital assets pricing model.
|
| 650 |
|
0 |
|a Investment analysis.
|
| 650 |
|
0 |
|a Investments.
|
| 655 |
|
4 |
|a Electronic books.
|
| 710 |
2 |
|
|a ProQuest (Firm)
|
| 830 |
|
0 |
|a Princeton lectures in finance.
|
| 856 |
4 |
0 |
|u https://ebookcentral.proquest.com/lib/matrademy/detail.action?docID=485801
|z Click to View
|